000
00298pab a2200121 454500
008
180718b xxu||||| |||| 00| 0 eng d
100
_a
Umesh Nila
245
_a
Time to revamp educational system
362
_a
36(8), 3 Oct 93, p.9-13
650
_a
Education -- India
773
_a
Link
909
_a
25352
999
_c
25352
_d
25352